000 00627nam a2200229 a 4500
999 _c1704
_d1704
007 ta
008 200116t2009 xxkado|g |||| 00| 0 eng d
020 _a9781905331635
_c£ 86.25
040 _aKO
_beng
041 0 _aeng
044 _axxk
082 0 4 _223
_a384.5448
_bAr555
100 1 _aArmitage, Paul
245 1 0 _aCrude Oil Tanker Basics /
_cPaul Armitage
260 _aEdinburgh :
_bWitherby Seamanship International Ltd. ,
_c2009.
300 _ax, 182 p. :
_bcol. ill., charts ;
_c28 cm
650 0 _aOil transfer operations
650 0 _aPetroleum
_xTransportation
904 _aA_BOSE
942 _cBK